| 000 | 00713nam a22002177a 4500 | ||
|---|---|---|---|
| 003 | OSt | ||
| 005 | 20250813063838.0 | ||
| 008 | 240620b |||||||| |||| 00| 0 eng d | ||
| 020 | _a9781305087279 | ||
| 040 |
_aDWCL-Main Lib. _cOC |
||
| 082 | _aFil. 371.4 St877t 2016 | ||
| 100 | _aStone, Carolyn B. | ||
| 245 |
_aThe transformed school counselor / _cCarolyn B. Stone & Carol A. Dahir |
||
| 250 | _aThird edition | ||
| 260 |
_aBoston MA : _bCengage Learning, _cc2016. |
||
| 300 |
_axxiv, 534 pages : _billustrations ; _c24cm. |
||
| 504 | _aIncludes index and bibliographical references. | ||
| 650 | _a1. Educational counseling. | ||
| 700 | _aDahir, Carol A. | ||
| 942 |
_2ddc _cBK-CIRC _kCirc. _n0 _eThird edition |
||
| 999 |
_c968 _d968 |
||